| 000 | 01156 a2200229 4500 | ||
|---|---|---|---|
| 005 | 20080909113033.0 | ||
| 008 | 080909t xxu||||| |||| 00| 0 hin d | ||
| 010 | _aHIN-80257 | ||
| 020 |
_a8181600495 _c300.00 |
||
| 035 | _aHN-52603 | ||
| 037 | _bD.B.Act / pub | ||
| 082 | _a821.08 | ||
| 100 | _aसुरेन्द्र, के. | ||
| 245 |
_aकवि नरेश मेहताःउत्तर आधुनिककता की ओर _cके. सुरेन्द्र |
||
| 246 |
_aKavi Naresh Mehta:Utter Adhunikta ki oor _bby K.Surendern |
||
| 260 |
_aनई दिल्ली _bसार्थक प्रकाशन _c2007 |
||
| 270 |
_a100 ए, गौतम नगर _bनई दिल्ली _e110049 _k26567317 |
||
| 300 |
_a221पृ _c22 सेमी(सजिल्द) |
||
| 650 | _a(Criticism) | ||
| 942 |
_adpl _cHN _k821.08 / सुरेन्द्र _2ddc _h821.08 _mसुरेन्द्र |
||
| 999 |
_c5308 _d5308 |
||